| 000 | 00551nam a2200205Ia 4500 | ||
|---|---|---|---|
| 005 | 20250923144608.0 | ||
| 008 | 008 250917s9999 xx 000 0 eng d | ||
| 037 | _aTextual | ||
| 040 |
_aDSWL _beng _cDSWL |
||
| 041 |
_aeng _2eng |
||
| 084 | _qDSWL | ||
| 100 |
_aSharma, Kailash Nath _9826468 |
||
| 245 | 0 |
_aBhartiya samaj or sanskiriti _cby Kailash Nath Sharma |
|
| 260 |
_a Kanpur _bPublishing House Prade Kanpur _c1957 |
||
| 300 | _a409p. | ||
| 365 |
_aINR _b9 |
||
| 925 | _g9 | ||
| 942 | _cTEXL | ||
| 999 |
_c1440936 _d1440936 |
||